Normal view
MARC view
- Nabeel Ahmed Qazi
Entry Personal Name
001 - CONTROL NUMBER
- control field: 14955
003 - CONTROL NUMBER IDENTIFIER
- control field: NUST
005 - DATE AND TIME OF LATEST TRANSACTION
- control field: 20190617064608.0
008 - FIXED-LENGTH DATA ELEMENTS
- fixed length control field: 190617|| aca||aabn | a|a d
040 ## - CATALOGING SOURCE
- Original cataloging agency: NUST
- Transcribing agency: NUST
100 ## - HEADING--PERSONAL NAME
- Personal name: Nabeel Ahmed Qazi
670 ## - SOURCE DATA FOUND
- Source citation: Work cat.: (NUST)24488: Nabeel Ahmed Qazi, Thesis :Study of 2-D-Non Continuum Gas Flows Wing Direct Simulation Monte Carlo(DSMC ) Alogrithms, 2010
